Préparation des stratégies et de plans d'action nationaux pour les ressources zoogénétiques (Record no. 47470)
[ view plain ]
| 000 -LEADER | |
|---|---|
| fixed length control field | 00575nam a22001697a 4500 |
| 008 - FIXED-LENGTH DATA ELEMENTS--GENERAL INFORMATION | |
| fixed length control field | 100804t xxu||||| |||| 00| 0 eng d |
| 020 ## - INTERNATIONAL STANDARD BOOK NUMBER | |
| International Standard Book Number | 978-92-5-206239-4 |
| 040 ## - CATALOGING SOURCE | |
| Original cataloging agency | BIDOC |
| 041 ## - LANGUAGE CODE | |
| Language code of text/sound track or separate title | Fr |
| 110 ## - MAIN ENTRY--CORPORATE NAME | |
| Corporate name or jurisdiction name as entry element | FAO |
| 9 (RLIN) | 7994 |
| 245 ## - TITLE STATEMENT | |
| Title | Préparation des stratégies et de plans d'action nationaux pour les ressources zoogénétiques |
| Statement of responsibility, etc | / FAO |
| 260 ## - PUBLICATION, DISTRIBUTION, ETC. (IMPRINT) | |
| Place of publication, distribution, etc | Rome |
| Name of publisher, distributor, etc | : FAO |
| Date of publication, distribution, etc | , 2009 |
| 300 ## - PHYSICAL DESCRIPTION | |
| Extent | v - 77 p. |
| Dimensions | 25 cm |
| 440 ## - SERIES STATEMENT/ADDED ENTRY--TITLE | |
| Title | (FAO Production et santé animales |
| Number of part/section of a work | N°2 |
| International Standard Serial Number | , ISSN : 1810 - 0716) |
| 9 (RLIN) | 7995 |
| 653 ## - INDEX TERM--UNCONTROLLED | |
| Uncontrolled term | Ressources génétiques |
| -- | Plans d'action |
| -- | Directives |
| 942 ## - ADDED ENTRY ELEMENTS (KOHA) | |
| Item type | Livre |
| Withdrawn status | Lost status | Damaged status | Not for loan | Location (home branch) | Sublocation or collection (holding branch) | Date acquired | Koha issues (times borrowed) | Koha full call number | Koha date last seen | Copy number | Price effective from | Koha item type |
|---|---|---|---|---|---|---|---|---|---|---|---|---|
| Bibliothèque-Centre de Documentation de la Faculté des Sciences Agronomiques | Bibliothèque-Centre de Documentation de la Faculté des Sciences Agronomiques | 04/08/2010 | PA.2009.009 | 04/08/2010 | 1 | 04/08/2010 | Livre |